Miesto a úloha informačnej a komunikačnej infraštruktúry v procese inovácie vzdelávacieho procesu
Základné otázky súvisiace s problematikou implementácie a využitia moderných informačných a komunikačných technológii v procese vzdelávania na vysokých školách. Analýza významu a možnosti využívania informačných technológií aj v rámci celoživotného vzdelávania.
Gespeichert in:
| 1. Verfasser: | |
|---|---|
| Format: | Buchkapitel |
| Sprache: | Slowakisch |
| Schlagworte: | |
| Tags: |
Keine Tags, Fügen Sie das erste Tag hinzu!
|
MARC
| LEADER | 00000naa a2200000 4500 | ||
|---|---|---|---|
| 001 | 0195363 | ||
| 005 | 20220715093119.6 | ||
| 041 | 0 | |a slo | |
| 044 | |a SK | ||
| 245 | 1 | 0 | |a Miesto a úloha informačnej a komunikačnej infraštruktúry v procese inovácie vzdelávacieho procesu |c Mária Ďurechová |
| 520 | |a Základné otázky súvisiace s problematikou implementácie a využitia moderných informačných a komunikačných technológii v procese vzdelávania na vysokých školách. Analýza významu a možnosti využívania informačných technológií aj v rámci celoživotného vzdelávania. | ||
| 610 | 2 | 0 | |a technológie informačné |
| 610 | 2 | 0 | |a technológie komunikačné |
| 610 | 2 | 0 | |a vzdelanie |
| 610 | 2 | 0 | |a vzdelávanie celoživotné |
| 610 | 2 | 0 | |a univerzity |
| 610 | 2 | 0 | |a inovácia |
| 100 | 1 | |a Ďurechová, Mária | |